Flags of French Territories - Statistics

General Stats
  • This quiz has been taken 47 times
  • The average score is 8 of 11
Answer Stats
Picture Answer % Correct
Mayotte
94%
French Guiana
88%
New Caledonia
88%
Reunion
85%
French Polynesia
82%
Martinique
79%
Guadeloupe
70%
St Martin
70%
St Pierre and Miquelon
70%
Wallis and Futuna
64%
St Barthelemy
55%
No matching quizzes found
Score Distribution
Percent of People with Each Score
Percentile by Number Answered
Your Score History
You have not taken this quiz